000 00624nam a22002177a 4500
005 20140701143441.0
010 _aENG-109640
020 _c525.00
_a9871259063725
020 _c525.00
_a1259063720
035 _aEN-93173
037 _bDBAD/PUB
082 _a005.133
100 _aSantosh Kumar K.
245 0 0 _aSpring and hibernate /
_cby Santosh Kumar K.
250 _a2nd ed
260 _aNew Delhi
_bMcGraw Hill Education
_c2013
270 _aP-24, Green Park Extn.
_bNew Delhi
_e110016
300 _axxvi,652p. :
_c24cm(pbk)
_bill.
500 _aIncludes index
942 _2ddc
_cEN
_mSAN
_h005.133
999 _c83230
_d83230